| 000 | 00619nmc a2200253 a 4500 | ||
|---|---|---|---|
| 003 | AR-BaBNM | ||
| 005 | 20251128203405.0 | ||
| 008 | 206119s1944 ||||||||||||||000 | spa|| | ||
| 040 | _cAR-BaBNM | ||
| 100 | 1 | _aVerlaine, Paul | |
| 245 | 1 | 0 |
_aFiestas galantes _bromanzas sin palabras |
| 260 |
_aBuenos Aires _bGlem _c1944 |
||
| 300 | 0 | _a158 p. | |
| 490 | 0 | _aBoreal | |
| 650 | 4 | _aLITERATURA FRANCESA | |
| 650 | 4 | _aESCRITORES | |
| 650 | 4 | _aPOESIA | |
| 653 | 0 | _aPARNASIANISMO | |
| 653 | 0 | _aSIMBOLISMO | |
| 655 | _aLITERATURA | ||
| 700 | 1 |
_aFernández Ardavin, Luis _etraductor |
|
| 942 | _cBK | ||
| 998 | _cMARTIN | ||
| 999 |
_c3169 _d3169 |
||